Lucrezia Borgia /
Uloženo v:
| Hlavní autor: | |
|---|---|
| Další autoři: | |
| Médium: | E-kniha |
| Jazyk: | Slovak Italian |
| Vydáno: |
V Bratislave :
Lindeni,
2021
|
| Vydání: | Prvé slovenské vydanie |
| Edice: | Dvojjazyčná kniha pre začátečníkov
|
| Témata: | |
| Tagy: |
Žádné tagy |
| LEADER | 02712nam a22006617i 4500 | ||
|---|---|---|---|
| 001 | 311289 | ||
| 003 | CZ PrSKC | ||
| 005 | 20260601215702.0 | ||
| 008 | 220419s2021 xr ||||| |||||||| ||slo d | ||
| 020 | |a 9788056620946 | ||
| 040 | |a BOD001 |b cze |e rda | ||
| 041 | 1 | |a slo |a ita | |
| 072 | 7 | |a 811.131 |x Italo-románské jazyky |2 Konspekt | |
| 080 | |a 821.131.1-32 |2 MRF | ||
| 080 | |a 929.732-055.2 |2 MRF | ||
| 080 | |a 811.131.1 |2 MRF | ||
| 080 | |a 028.4-028.31/.32 |2 MRF | ||
| 080 | |a (450) |2 MRF | ||
| 080 | |a (0:82-322.6) |2 MRF | ||
| 080 | |a (0.027)=030 |2 MRF | ||
| 080 | |a (07) |2 MRF | ||
| 080 | |a (07.062)81 |2 MRF | ||
| 100 | 1 | |a De Tommaso, Valeria, |d 1976- |7 xx0209129 |4 aut | |
| 245 | 1 | 0 | |a Lucrezia Borgia / |c Valeria De Tommaso ; z českého upraveného vydania ... preložila Mária Haraštová |
| 250 | |a Prvé slovenské vydanie | ||
| 264 | 1 | |a V Bratislave : |b Lindeni, |c 2021 | |
| 300 | |a 87 stran : |b ilustrace | ||
| 336 | |a text |b txt |2 rdacontent | ||
| 337 | |a bez média |b n |2 rdamedia | ||
| 338 | |a svazek |b nc |2 rdacarrier | ||
| 490 | 1 | |a Dvojjazyčná kniha pre začátečníkov | |
| 500 | |a Na obálce označení: A1/A2 | ||
| 500 | |a Souběžný slovenský a italský text | ||
| 600 | 1 | 7 | |a Borgia, Lucrezia, |c vévodkyně z Ferrary, |d 1480-1519 |7 jn20000700202 |2 czenas |
| 648 | 7 | |a 15.-16. století |7 ch757034 |2 czenas | |
| 650 | 0 | 7 | |a vévodkyně |7 ph187625 |z Itálie |y 15.-16. století |2 czenas |
| 650 | 0 | 7 | |a italština |7 ph121249 |2 czenas |
| 650 | 0 | 7 | |a zjednodušená četba |7 ph656682 |2 czenas |
| 650 | 0 | 9 | |a duchesses |z Italy |y 15th-16th centuries |2 eczenas |
| 650 | 0 | 9 | |a Italian language |2 eczenas |
| 650 | 0 | 9 | |a simplified reading |2 eczenas |
| 655 | 7 | |a italské příběhy |7 fd183393 |2 czenas | |
| 655 | 7 | |a biografické příběhy |7 fd131953 |2 czenas | |
| 655 | 7 | |a dvojjazyčná vydání |7 fd194533 |2 czenas | |
| 655 | 7 | |a učební texty |7 fd133599 |2 czenas | |
| 655 | 7 | |a jazykové učebnice, texty, příručky (A) |7 fd600889 |2 czenas | |
| 655 | 9 | |a Italian stories |2 eczenas | |
| 655 | 9 | |a biographical stories |2 eczenas | |
| 655 | 9 | |a bilingual editions |2 eczenas | |
| 655 | 9 | |a educational texts |2 eczenas | |
| 655 | 9 | |a language textbooks, texts, handbooks (A) |2 eczenas | |
| 700 | 1 | |a Haraštová, Mária |4 trl | |
| 830 | 0 | |a Dvojjazyčná kniha pre začátečníkov | |
| 900 | |a BOD114 |b 16 | ||
| 044 | |a xr | ||
| 910 | |a RBIT002 | ||
| 998 | |d 312119 |a https://core.palmknihy.cz/api/books/312119/cover?si8e0y |b https://core.palmknihy.cz/api/books/312119/cover/400?si8e0y |c https://core.palmknihy.cz/api/books/312119/cover/50?si8e0y |e 2030-12-31 |g 88 |i 9788056620946 |k https://core.palmknihy.cz/api/books/312119/preview.pdf |l |q 49 |r 1 |s https://www.palmknihy.cz/kniha/312119 |t ebook |y 2021 |z 0 | ||
| 999 | |d 311287 | ||